Makroekonomika planovoj i predprinimatel'skoj sistem.
Hlava 1.: Obnova technológie a výroby. Inovačný potenciál krajiny. Priority vedeckotechnického pokroku. Dôvody prioritného urýchleného rozširovania progresívnych bázových technológií.
Salvato in:
| Autore principale: | |
|---|---|
| Natura: | Capitolo di libro |
| Lingua: | russo |
| Soggetti: | |
| Tags: |
Nessun Tag, puoi essere il primo ad aggiungerne!!
|
MARC
| LEADER | 00000naa a2200000 4500 | ||
|---|---|---|---|
| 001 | r006344 | ||
| 005 | 20221130102907.8 | ||
| 041 | 0 | |a rus | |
| 044 | |a [SU] | ||
| 245 | 1 | 0 | |a Makroekonomika planovoj i predprinimatel'skoj sistem. |c V. Fal'cman |
| 520 | |a Hlava 1.: Obnova technológie a výroby. Inovačný potenciál krajiny. Priority vedeckotechnického pokroku. Dôvody prioritného urýchleného rozširovania progresívnych bázových technológií. | ||
| 610 | 2 | 0 | |a makroekonomika |
| 610 | 2 | 0 | |a technológie nové |
| 610 | 2 | 0 | |a výroba |
| 610 | 2 | 0 | |a pokrok vedeckotechnický |
| 610 | 2 | 0 | |a školy vysoké |
| 610 | 2 | 0 | |a vyučovanie |
| 610 | 2 | 0 | |a teórie ekonomické |
| 610 | 2 | 0 | |a podnikanie |
| 100 | 1 | |a Fal'cman, V. | |